Inflación penal, determinismo criminal y segregación : la inutilidad de la propuesta readaptadora ante la nueva emergencia del criminal genéticamente determinado /

Análisis del paradigma de la readaptacion social, frente a las políticas criminológicas intimidatorias del Estado mexicano que privilegian el incremento de las penas y niegan los beneficios de un buen sistema penitenciario, desdeñando con ello los derechos humanos y la prevención del delito.

Na minha lista:
Detalhes bibliográficos
Autor principal: Báez Soto, Oscar (autor)
Formato: Livro
Idioma:espanhol
Publicado em: México : Ubijus, 2008, c2008
Assuntos:
Tags: Adicionar Tag
Sem tags, seja o primeiro a adicionar uma tag!

MARC

LEADER 00000nam^a2200000^a^4500
001 000284453
005 20250521000000.0
009 20260310111708.316
020 |a 978-970-951-1383 
037 |a Acervo ITESO - Biblioteca 
041 |a ESP 
082 |a 365. 972  |b BAE 
100 |a Báez Soto, Oscar  |e (autor) 
245 1 0 |a Inflación penal, determinismo criminal y segregación :  |b la inutilidad de la propuesta readaptadora ante la nueva emergencia del criminal genéticamente determinado /  |c O. Báez Soto. 
264 4 |a México :  |b Ubijus,  |c 2008, c2008 
300 |a 262 p. 
336 |a texto  |b txt  |2 rdacontenido 
337 |a sin mediación  |b n  |2 rdamedio 
338 |a volumen  |b nc  |2 rdasoporte 
520 |a Análisis del paradigma de la readaptacion social, frente a las políticas criminológicas intimidatorias del Estado mexicano que privilegian el incremento de las penas y niegan los beneficios de un buen sistema penitenciario, desdeñando con ello los derechos humanos y la prevención del delito. 
649 |a XX 
650 |a Delincuentes -  |z México 
650 |a Cárceles y Centros de Readaptación Social -  |z México 
650 |a Rehabilitación de Delincuentes -  |z México -  |x Tema Principal 
650 |a Rehabilitación de Delincuentes -  |z México -  |x Aspectos Jurídicos 
650 |a Pena (Derecho) -  |z México 
650 |a Sistema Penitenciario -  |z México 
650 |a Seguridad Pública -  |z México 
650 |a Política Criminológica -  |z México -  |x Tema Principal 
650 |a Genética Humana -  |z México 
650 |a Derechos Humanos -  |z México 
650 |a Derecho Penal -  |z México 
650 |a Derecho Penitenciario -  |z México 
650 |a Derecho Público -  |z México 
650 |a Criminología -  |z México 
910 |a Fondo General 
920 |a Impresos - Libros 
930 |a Colección General 
905 |a 101 
901 |a 0500170799  |b IT1  |c ACC  |u 20250521 
902 |a https://opac.biblio.iteso.mx/vufind/Record/000284453